| 000 | 00567nam a2200181Ia 4500 | ||
|---|---|---|---|
| 003 | GCL | ||
| 008 | 140319s9999 xx 000 0 ara d | ||
| 040 |
_aGCL / _cGCL |
||
| 082 | 0 | 4 |
_aد _b050 |
| 100 | 1 | _aمحمد سيد طنطاوى | |
| 245 | 1 | 0 |
_aالقصة فى القران الكريم ابراهيم و يوسف (اقرا 579 ) / _cمحمد سيد طنطاوى |
| 300 | _a184 | ||
| 490 |
_aاقرأ _v0 |
||
| 650 | 0 | 4 | _aقصص الانبياء |
| 650 | 0 | 4 | _aابراهيم عليه السلام |
| 650 | 0 | 4 | _aيوسف عليه السلام |
| 942 |
_2ddc _cBK |
||
| 999 |
_c48656 _d48656 |
||